Most Subscribed Jetpunk Users - Statistics

General Stats
  • This quiz has been taken 110 times
  • The average score is 4 of 30
Answer Stats
# User % Correct
109 Quizmaster
85%
68 relessness
77%
69 kalbahamut
34%
53 scambigol
28%
43 Jerry928
22%
40 Quizzer6794
18%
9 Jiaozira
13%
34 kiwirage
13%
35 KoljiVriVoda
13%
12 geoPunk
12%
8 Gamer1162
9%
11 Geoguy
6%
50 johnnyaitch
5%
31 punkfrancais
5%
18 ThirdParty
5%
20 Kvkq
4%
16 LBA
4%
12 CBTemple
2%
9 PSTSCCH
2%
8 alberici
1%
10 buck1017
1%
13 GymnastPunk
1%
8 helen62442
1%
11 katsudk
1%
9 LegendBlackKyurem
1%
16 mac212121
1%
10 ImDB
0%
8 manchesterutd10
0%
7 TheJSDevil
0%
7 yoyo541
0%
No matching quizzes found
Score Distribution
Percent of People with Each Score
Percentile by Number Answered
Your Score History
You have not taken this quiz